U.S. Fire Administration : An Overview.

Provides overview of U.S. Fire Administration, established within FEMA to provide leadership, coordination, and support for national fire prevention and control efforts, fire training and education, and emergency medical services activities. Reviews budget and issues for Congress.

Bibliographic Details
Corporate Authors: Library of Congress. Congressional Research Service, ProQuest (Firm)
Format: eBook
Language:English
Published: [Place of publication not identified] : [publisher not identified], 1999.
Series:U.S. Congressional Research.
Subjects:
Online Access:Connect to the full text of this electronic book

MARC

Tag First Indicator Second Indicator Subfields
LEADER 00000cam a22000001a 4500
001 in00003378113
006 m d f
007 cr bn mmmapmmp
008 100717s1999 dcu o f000 0 eng d
005 20260429204845.0
035 |a cis2007894453 
040 |a ProQuest  |c ProQuest  |d UtOrBLW 
043 |a n-us--- 
099 |a CRS-1999-RSI-0091 
110 2 |a Library of Congress.  |b Congressional Research Service. 
245 1 0 |a U.S. Fire Administration :  |b An Overview. 
264 1 |a [Place of publication not identified] :  |b [publisher not identified],  |c 1999. 
300 |a 1 online resource. 
336 |a text  |b txt  |2 rdacontent 
337 |a computer  |b c  |2 rdamedia 
338 |a online resource  |b cr  |2 rdacarrier 
500 |a Record is based on bibliographic data in ProQuest U.S. Congressional Research Digital Collection (last viewed July 2010). Reuse except for individual research requires license from ProQuest, LLC. 
500 |a CRS Report. 
520 |a Provides overview of U.S. Fire Administration, established within FEMA to provide leadership, coordination, and support for national fire prevention and control efforts, fire training and education, and emergency medical services activities. Reviews budget and issues for Congress. 
500 |a Electronic resource. 
650 0 |a Emergency medical services. 
650 0 |a Fire fighters. 
650 0 |a Vocational education. 
655 7 |a Electronic books.  |2 local 
710 2 |a ProQuest (Firm) 
776 0 8 |i Microfiche version:   |a Library of Congress. Congressional Research Service.  |t U.S. Fire Administration 
830 0 |a U.S. Congressional Research. 
856 4 0 |u http://proxy.library.tamu.edu/login?url=https://congressional.proquest.com/congcomp/getdoc?CRDC-ID=CRS-1999-RSI-0091  |z Connect to the full text of this electronic book  |t 0 
999 |a MARS 
999 f f |s 654f0e14-8373-3980-b3ee-ff8436c6ca9b  |i 4a31713f-ae2b-301b-8df6-ee4950124831  |t 0 
952 f f |a Texas A&M University  |b College Station  |c Electronic Resources  |s www_evans  |d Available Online  |t 0  |e CRS-1999-RSI-0091  |h Other scheme 
998 f f |a CRS-1999-RSI-0091  |t 0  |l Available Online